| 000 | 00981cai a22002295a 4500 | ||
|---|---|---|---|
| 001 | L140116 | ||
| 008 | 070905s2007 fr d f s 000 0 eng d | ||
| 035 | _a(Sirsi) u140116 | ||
| 041 | 0 | _aeng | |
| 050 | 0 | 4 | _a333.33 $2 18 |
| 110 | 2 |
_aAtisreal _95337 |
|
| 245 | 0 | 0 |
_aEurope quarterly _boffice market quarter one 2007 _h[electronic resource] |
| 260 |
_a[s.l] _bAtisreal _c2007 |
||
| 490 | 0 |
_aAtisreal Europe Quarterly Office Market _vQuarter one 2007 |
|
| 520 | _aPresents European office market indicators for first quarter 2007 compared to 2006. Comparative analysis of pan-European market place trends, including rents change, vacancy rates and prime rents evolution. | ||
| 590 | _aKA | ||
| 650 | 2 | 4 | _aATISREAL EUROPE QUARTERLY OFFICE MARKET |
| 651 | 4 | _aEurope | |
| 690 | _aPROPERTY-COMMERCIAL PROPERTY-COMMERCIAL PROPERTY MARKET | ||
| 856 | 4 | 8 |
_uhttps://www.atisreal.com/ _vView this report free of charge at www.atisreal.com (see market research section)... |
| 942 | _n0 | ||
| 999 |
_c107425 _d107425 |
||